Dinamika namagničivanija polikristalličeskich ferritov /

Guardado en:
Detalles Bibliográficos
Autor principal: Rankis, Gunar Žanovič (Autor)
Formato: Libro
Lenguaje:ruso
Publicado: Riga : Zinatne, 1981
Etiquetas: Agregar Etiqueta
Sin Etiquetas, Sea el primero en etiquetar este registro!

MARC

LEADER 00000nam a22000003a 4500
001 stu41267
005 20150617225722.8
008 931118s1981----xxr-----------------rus-d
040 |a STU  |b slo 
041 0 |a rus 
044 |a xxr 
080 |a 537.622.6 
100 1 |a Rankis, Gunar Žanovič  |4 aut 
245 1 |a Dinamika namagničivanija polikristalličeskich ferritov /  |c [aut.]Gunar Ž. Rankis 
260 |a Riga :  |b Zinatne,  |c 1981 
300 |a 184 s 
996 |b E49491  |c E*49491  |l EE05  |s P  |a 0  |w stu41267_0001 
996 |b 284M062496  |c M*7024-1  |l MMKN  |s A  |a 24  |w stu41267_0002